[Event "33. Open Barbera del Valles 2010"]
[Site "Barbera del Valles ESP"]
[Date "2010.07.09"]
[Round "6.17"]
[White "Perpinya Rofes, Lluis Maria"]
[Black "Sanchez Ibern, Marc"]
[Result "1/2-1/2"]
[WhiteElo "2344"]
[BlackElo "2255"]
[PlyCount "126"]
[EventDate "2010.07.04"]
[EventType "swiss"]
[EventRounds "9"]
[EventCountry "ESP"]
[Source "lmi"]
[SourceDate "2010.07.04"]

1. e4 e6 2. d4 d5 3. Nc3 Nf6 4. e5 Nfd7 5. f4 c5 6. Nf3 Nc6 7. Be3 Qb6 8. Na4
Qa5+ 9. c3 c4 10. b4 Qa6 11. g3 b5 12. Nc5 Qa3 13. Qc1 Qxc1+ 14. Rxc1 Nxc5 15.
dxc5 a5 16. a3 axb4 17. axb4 Bb7 18. Bg2 Be7 19. O-O g6 20. g4 h5 21. h3 hxg4
22. hxg4 Ra2 23. Bd4 Bh4 24. Bf2 Bxf2+ 25. Rxf2 Rxf2 26. Kxf2 Ke7 27. Kg3 Ra8
28. Kh4 Ra2 29. Bh3 d4 30. cxd4 Nxd4 31. Nxd4 Rd2 32. Rc3 Rd3 33. Rc1 Rxd4 34.
Kg5 Bf3 35. Rc2 Rd1 36. Bg2 Bxg2 37. Rxg2 Rb1 38. Rd2 Rxb4 39. c6 c3 40. Rd7+
Ke8 41. Rb7 c2 42. Rb8+ Ke7 43. c7 c1=Q 44. c8=N+ Kd7 45. Nb6+ Kc6 46. Rc8+
Kxb6 47. Rxc1 Rc4 48. Rd1 b4 49. Rd6+ Rc6 50. Kf6 Kc5 51. Rd7 b3 52. Kxf7 b2
53. Rd1 Rb6 54. Rb1 Kd5 55. Kxg6 Rb4 56. g5 Rxf4 57. Rxb2 Kxe5 58. Re2+ Kd5 59.
Kh7 Rg4 60. g6 e5 61. g7 e4 62. g8=Q+ Rxg8 63. Kxg8 Kd4 1/2-1/2

[Event "33. Open Barbera del Valles 2010"]
[Site "Barbera del Valles ESP"]
[Date "2010.07.09"]
[Round "6.18"]
[White "Subirats Ruiz, Sergi"]
[Black "Silva Rodriguez, Julio"]
[Result "1-0"]
[WhiteElo "2138"]
[BlackElo "2126"]
[PlyCount "81"]
[EventDate "2010.07.04"]
[EventType "swiss"]
[EventRounds "9"]
[EventCountry "ESP"]
[Source "lmi"]
[SourceDate "2010.07.04"]

1. e4 e6 2. Qe2 d5 3. d3 Be7 4. Nf3 Nf6 5. g3 c5 6. Bg2 Nc6 7. e5 Nd7 8. h4 b5
9. O-O O-O 10. Re1 a5 11. Bf4 a4 12. Nbd2 Ba6 13. Nf1 a3 14. b4 Rc8 15. N1h2 c4
16. Ng5 h6 17. Qh5 hxg5 18. hxg5 Nxb4 19. Ng4 Nxc2 20. Be4 dxe4 21. Kg2 Nxe1+
22. Rxe1 Bb7 23. Rh1 exd3+ 24. f3 Bxf3+ 25. Kxf3 Nxe5+ 26. Nxe5 Qd5+ 27. Kg4
Qxh1 28. Qxh1 Rfd8 29. Qh5 g6 30. Nxg6 fxg6 31. Qxg6+ Kf8 32. Be5 Bd6 33. Qf6+
Ke8 34. Qxe6+ Be7 35. Bf6 Rc7 36. g6 Rd6 37. Qf7+ Kd8 38. g7 Rxf6 39. g8=Q+ Kd7
40. Qd5+ Rd6 41. Qge6+ 1-0

[Event "33. Open Barbera del Valles 2010"]
[Site "Barbera del Valles ESP"]
[Date "2010.07.09"]
[Round "6.19"]
[White "Ridameya Tatche, Jose Miguel"]
[Black "Tarrago Antoni, Maurici"]
[Result "0-1"]
[WhiteElo "2060"]
[BlackElo "2258"]
[PlyCount "56"]
[EventDate "2010.07.04"]
[EventType "swiss"]
[EventRounds "9"]
[EventCountry "ESP"]
[Source "lmi"]
[SourceDate "2010.07.04"]

1. e4 c5 2. Nf3 Nc6 3. b3 e5 4. Bb5 d6 5. O-O Nf6 6. d3 g6 7. Bg5 Bg7 8. h3 h6
9. Be3 O-O 10. Qd2 Kh7 11. Nc3 Nd4 12. Nh2 Nh5 13. Bxd4 cxd4 14. Ne2 d5 15.
exd5 a6 16. Bc4 b5 17. g4 Nf6 18. Ng3 bxc4 19. bxc4 Nd7 20. Rae1 Nc5 21. Nf3 f5
22. Nxe5 fxg4 23. Nxg4 h5 24. Ne5 Bxh3 25. Nc6 Qh4 26. Qb4 Rxf2 27. Rxf2 Qxg3+
28. Kh1 Qxf2 0-1

[Event "33. Open Barbera del Valles 2010"]
[Site "Barbera del Valles ESP"]
[Date "2010.07.09"]
[Round "6.20"]
[White "Nicolas Zapata, Irene"]
[Black "Ortega Serra, Marc"]
[Result "1-0"]
[WhiteElo "1962"]
[BlackElo "2223"]
[PlyCount "139"]
[EventDate "2010.07.04"]
[EventType "swiss"]
[EventRounds "9"]
[EventCountry "ESP"]
[Source "lmi"]
[SourceDate "2010.07.04"]

1. c4 Nf6 2. g3 e6 3. Bg2 d5 4. Nf3 c5 5. cxd5 exd5 6. d4 Nc6 7. Nc3 c4 8. O-O
Bb4 9. Bg5 Bxc3 10. bxc3 Qa5 11. Bxf6 gxf6 12. e4 dxe4 13. Nd2 f5 14. Nxc4 Qxc3
15. Nd6+ Ke7 16. d5 Ne5 17. Nxc8+ Raxc8 18. Qh5 Nf3+ 19. Bxf3 Qxf3 20. d6+ Ke6
21. Qh6+ f6 22. Qg7 f4 23. Qe7+ Kf5 24. d7 Rcd8 25. Rae1 h5 26. Qf7 h4 27. Rd1
Kg4 28. Qe6+ f5 29. Qg6+ Kh3 30. Qxf5+ Qg4 31. Qxe4 f3 32. Qxg4+ Kxg4 33. Rd4+
Kg5 34. Rfd1 hxg3 35. fxg3 Rh7 36. h4+ Kh5 37. Kf2 Rf7 38. Rd6 Rf5 39. R6d5
Rxd5 40. Rxd5+ Kg6 41. Kxf3 b5 42. Rxb5 Rxd7 43. Kg4 Rd4+ 44. Kh3 Ra4 45. Rb2
Ra3 46. Rf2 Ra4 47. Rb2 Ra3 48. Rc2 Ra6 49. Rg2 Ra3 50. Kg4 Ra4+ 51. Kf3 Ra3+
52. Kg4 Ra4+ 53. Kh3 Ra3 54. Rf2 Ra4 55. g4 Ra3+ 56. Kg2 Ra4 57. Kg3 Ra3+ 58.
Rf3 Rxa2 59. h5+ Kg5 60. Rf5+ Kh6 61. Rf6+ Kg7 62. Rg6+ Kf7 63. Kh4 a5 64. Kg5
a4 65. Ra6 a3 66. Ra7+ Kf8 67. h6 Ra1 68. h7 Rh1 69. Kg6 Rh4 70. Ra8+ 1-0

[Event "33. Open Barbera del Valles 2010"]
[Site "Barbera del Valles ESP"]
[Date "2010.07.09"]
[Round "6.21"]
[White "Navarrete Espi, Samuel"]
[Black "Tallo Dominguez, Imar"]
[Result "1/2-1/2"]
[WhiteElo "2057"]
[BlackElo "2204"]
[PlyCount "62"]
[EventDate "2010.07.04"]
[EventType "swiss"]
[EventRounds "9"]
[EventCountry "ESP"]
[Source "lmi"]
[SourceDate "2010.07.04"]

1. e4 c5 2. Nf3 d6 3. d4 cxd4 4. Nxd4 Nf6 5. Nc3 a6 6. Be3 e5 7. Nb3 Be6 8. f3
h5 9. Qd2 Nbd7 10. O-O-O Be7 11. h3 Qc7 12. f4 b5 13. f5 Bc4 14. Rg1 b4 15. Nd5
Bxd5 16. exd5 Nb6 17. g4 Nfxd5 18. Bxb6 Nxb6 19. g5 d5 20. Qf2 f6 21. gxf6 Bxf6
22. Nc5 e4 23. Ne6 Qe5 24. Qxb6 Qxb2+ 25. Kd2 Qc3+ 26. Kc1 e3 27. Bb5+ axb5 28.
Qxb5+ Kf7 29. Qb7+ Kg8 30. Qxa8+ Kh7 31. Rxg7+ Bxg7 1/2-1/2

[Event "33. Open Barbera del Valles 2010"]
[Site "Barbera del Valles ESP"]
[Date "2010.07.09"]
[Round "6.22"]
[White "Do Santos Julio, Joao Manuel"]
[Black "Martin Sanchez, Enric"]
[Result "0-1"]
[WhiteElo "2122"]
[BlackElo "2044"]
[PlyCount "102"]
[EventDate "2010.07.04"]
[EventType "swiss"]
[EventRounds "9"]
[EventCountry "ESP"]
[Source "lmi"]
[SourceDate "2010.07.04"]

1. e4 c5 2. Nf3 d6 3. d4 cxd4 4. Nxd4 Nf6 5. f3 Nc6 6. c4 Qb6 7. Nc2 Be6 8. Nc3
g6 9. b3 Bg7 10. Be3 Qa5 11. Bd2 Qh5 12. Ne3 O-O 13. Rc1 Rac8 14. Be2 Qh4+ 15.
g3 Qh3 16. Kf2 Qh5 17. Ncd5 Bxd5 18. cxd5 Nd4 19. Bf1 Rxc1 20. Bxc1 Rc8 21. Bb2
Nxe4+ 22. fxe4 Rc2+ 23. Nxc2 Qxd1 24. Nxd4 Qd2+ 25. Be2 Qxb2 26. Nf3 Qxa2 27.
h4 Qxb3 28. h5 Qc2 29. h6 Bb2 30. Rh4 Qc5+ 31. Kg2 Qe3 32. Kf1 Bf6 33. Rf4 Be5
34. Nxe5 dxe5 35. Rf3 Qxe4 36. Kf2 Qc2 37. g4 e4 38. Re3 Qc5 39. Bd1 Qxd5 40.
Bc2 Qd2+ 41. Re2 Qf4+ 42. Ke1 e3 43. Bd3 Qxh6 44. Rc2 Qf4 45. Rc8+ Kg7 46. Be2
a5 47. Rc4 Qg3+ 48. Kd1 b5 49. Rd4 b4 50. Rd3 a4 51. Kc2 Qf2 0-1

[Event "33. Open Barbera del Valles 2010"]
[Site "Barbera del Valles ESP"]
[Date "2010.07.09"]
[Round "6.23"]
[White "Sayrol Clols, Jose M"]
[Black "Ezquerro Luque, Albert"]
[Result "1/2-1/2"]
[WhiteElo "2099"]
[BlackElo "1981"]
[PlyCount "96"]
[EventDate "2010.07.04"]
[EventType "swiss"]
[EventRounds "9"]
[EventCountry "ESP"]
[Source "lmi"]
[SourceDate "2010.07.04"]

1. e4 e5 2. Nf3 Nc6 3. d4 exd4 4. c3 dxc3 5. Nxc3 Bb4 6. Bc4 Bxc3+ 7. bxc3 d6
8. Qb3 Qe7 9. O-O Nf6 10. e5 Nxe5 11. Nxe5 dxe5 12. Ba3 c5 13. Bb5+ Nd7 14.
Bxd7+ Bxd7 15. Qxb7 O-O 16. Rad1 Rfd8 17. Rd5 Rab8 18. Qc7 Rbc8 19. Qb7 Rb8 20.
Qxa7 Ra8 21. Qxc5 Qxc5 22. Bxc5 Be6 23. Rxd8+ Rxd8 24. a4 Bc4 25. Rb1 f5 26. h3
Ra8 27. Rb4 Bd3 28. Bd6 e4 29. Be5 Ra7 30. Bd4 Re7 31. a5 f4 32. Ra4 e3 33.
fxe3 fxe3 34. Ra1 e2 35. Bf2 Ba6 36. Be1 Rf7 37. Bf2 Kf8 38. Rb1 Rf5 39. Ra1
Rf4 40. Re1 Ke8 41. Rb1 Re4 42. Kh2 Ra4 43. Kg3 Rxa5 44. Kf3 Rd5 45. Rb6 Bc4
46. Re6+ Kf7 47. Re4 Ba6 48. c4 Rd2 1/2-1/2

[Event "33. Open Barbera del Valles 2010"]
[Site "Barbera del Valles ESP"]
[Date "2010.07.09"]
[Round "6.24"]
[White "Sanglas Clariana, Josep"]
[Black "Jareno Badenas, Aleix"]
[Result "1-0"]
[WhiteElo "2207"]
[BlackElo "1967"]
[PlyCount "117"]
[EventDate "2010.07.04"]
[EventType "swiss"]
[EventRounds "9"]
[EventCountry "ESP"]
[Source "lmi"]
[SourceDate "2010.07.04"]

1. e4 e6 2. b3 d5 3. Bb2 Nf6 4. e5 Nfd7 5. f4 c5 6. Nf3 Nc6 7. Bb5 Be7 8. Bxc6
bxc6 9. d3 Qb6 10. c4 a5 11. O-O O-O 12. Qe2 Nb8 13. Nc3 Na6 14. Na4 Qb7 15.
Bc3 Nc7 16. Qf2 Qa7 17. Rac1 Rd8 18. Qg3 Bb7 19. Rce1 Bf8 20. Qh4 Rd7 21. Re2
Rad8 22. Qe1 Ra8 23. g4 Bc8 24. Ng5 Na6 25. Bxa5 Nb4 26. Bxb4 cxb4+ 27. Qf2
Qxf2+ 28. Kxf2 Rda7 29. Rc1 Ba6 30. Rd2 Rd8 31. Ke2 c5 32. Nf3 d4 33. Nb2 Bb7
34. Nd1 Rda8 35. Rcc2 g6 36. Nf2 Bh6 37. g5 Bf8 38. Ng4 Bxf3+ 39. Kxf3 Be7 40.
Nh6+ Kf8 41. Ke2 Kg7 42. Kf3 Bf8 43. h4 Rb7 44. Re2 Rba7 45. Ke4 Be7 46. Kf3
Kf8 47. Rh2 Ke8 48. Ng4 Rb7 49. h5 Rba7 50. hxg6 hxg6 51. Rh8+ Bf8 52. Nf6+ Ke7
53. Ne4 Rxa2 54. Rxa2 Rxa2 55. Nxc5 Rd2 56. Ke4 Rf2 57. Na6 Rb2 58. Nxb4 Rxb3
59. Nc6+ 1-0

[Event "33. Open Barbera del Valles 2010"]
[Site "Barbera del Valles ESP"]
[Date "2010.07.09"]
[Round "6.25"]
[White "Panelo, Marcelo"]
[Black "Colon Garcia, Enrique"]
[Result "1-0"]
[WhiteElo "2450"]
[BlackElo "2314"]
[PlyCount "55"]
[EventDate "2010.07.04"]
[EventType "swiss"]
[EventRounds "9"]
[EventCountry "ESP"]
[Source "lmi"]
[SourceDate "2010.07.04"]

1. d4 Nf6 2. c4 e6 3. g3 Bb4+ 4. Bd2 Be7 5. Bg2 d5 6. Nf3 O-O 7. O-O c6 8. Qc2
b6 9. Bf4 Ba6 10. b3 Nbd7 11. Rd1 Rc8 12. Nc3 h6 13. e4 dxc4 14. Nd2 b5 15.
bxc4 bxc4 16. Rab1 Qa5 17. Nf3 Bb4 18. Bd2 Rb8 19. e5 Nh7 20. a3 Bxc3 21. Bxc3
Qc7 22. Bb4 c5 23. dxc5 Nxc5 24. Nd4 Rfe8 25. Nc6 Rb6 26. Bxc5 Rxc6 27. Qa4 Bb7
28. Rxb7 1-0

[Event "33. Open Barbera del Valles 2010"]
[Site "Barbera del Valles ESP"]
[Date "2010.07.09"]
[Round "6.26"]
[White "Capellades Subirana, Marc"]
[Black "Chuturkov, Marinko"]
[Result "1-0"]
[WhiteElo "2268"]
[BlackElo "2145"]
[PlyCount "69"]
[EventDate "2010.07.04"]
[EventType "swiss"]
[EventRounds "9"]
[EventCountry "ESP"]
[Source "lmi"]
[SourceDate "2010.07.04"]

1. e4 c5 2. Nf3 d6 3. d4 Nf6 4. Nc3 cxd4 5. Nxd4 g6 6. Be3 Nc6 7. f4 Bg7 8. Be2
O-O 9. O-O Bd7 10. Kh1 a5 11. Qd2 a4 12. a3 Qa5 13. Rad1 Rfc8 14. Bf3 Be8 15.
Qf2 Nd7 16. Nd5 Bf8 17. Bg4 Rcb8 18. Nxc6 bxc6 19. Bxd7 cxd5 20. Bxe8 Rxe8 21.
Rxd5 Qc7 22. Rd3 Qb7 23. f5 e6 24. Bd4 Rac8 25. Rh3 e5 26. Be3 Rc4 27. Qh4 h5
28. fxg6 fxg6 29. Rg3 Re6 30. Qd8 Qe7 31. Qa8 Qe8 32. Qd5 Rc7 33. Rf6 Rf7 34.
Rxe6 Rf1+ 35. Bg1 1-0

[Event "33. Open Barbera del Valles 2010"]
[Site "Barbera del Valles ESP"]
[Date "2010.07.09"]
[Round "6.27"]
[White "Nunez Lucero, Francisco"]
[Black "Silva Rodriguez, Fernando"]
[Result "1-0"]
[WhiteElo "2178"]
[BlackElo "2115"]
[PlyCount "105"]
[EventDate "2010.07.04"]
[EventType "swiss"]
[EventRounds "9"]
[EventCountry "ESP"]
[Source "lmi"]
[SourceDate "2010.07.04"]

1. e4 e5 2. Nf3 Nc6 3. Bc4 Bc5 4. d3 Nf6 5. O-O d6 6. c3 h6 7. Re1 O-O 8. Bb3
a6 9. Nbd2 Ba7 10. h3 Ne7 11. Nf1 Ng6 12. d4 Re8 13. Ng3 c6 14. Bc2 Qc7 15. Be3
b5 16. a4 c5 17. Qd2 Bb7 18. d5 Bc8 19. axb5 axb5 20. Ra2 c4 21. Rea1 Bxe3 22.
Qxe3 Bb7 23. Qe1 Nd7 24. Rxa8 Bxa8 25. Nf5 Qb6 26. g3 Bb7 27. Nd2 Ne7 28. Nxe7+
Rxe7 29. Kg2 f5 30. f3 Re8 31. Qf2 Qc7 32. exf5 Bxd5 33. Ra7 Qc6 34. Ne4 Bf7
35. Qd2 d5 36. Nf2 Nc5 37. Ng4 Qb6 38. Rxf7 Kxf7 39. Qxd5+ Ke7 40. Nxe5 Qd6 41.
Nc6+ Kd7 42. Qf7+ Kxc6 43. Qxe8+ Kb6 44. Qg6 Kc6 45. Qxd6+ Kxd6 46. Kf2 Nd7 47.
f4 Kd5 48. Ke3 Nc5 49. g4 Kd6 50. Kd4 Nd7 51. g5 Nc5 52. h4 Nd7 53. f6 1-0

[Event "33. Open Barbera del Valles 2010"]
[Site "Barbera del Valles ESP"]
[Date "2010.07.10"]
[Round "7.1"]
[White "Iturrizaga, Eduardo"]
[Black "Oms Pallisse, Josep"]
[Result "1/2-1/2"]
[WhiteElo "2614"]
[BlackElo "2494"]
[PlyCount "80"]
[EventDate "2010.07.04"]
[EventType "swiss"]
[EventRounds "9"]
[EventCountry "ESP"]
[Source "lmi"]
[SourceDate "2010.07.04"]

1. Nf3 Nf6 2. c4 e6 3. Nc3 d5 4. d4 dxc4 5. e3 a6 6. a4 b6 7. Bxc4 Bb7 8. O-O
Bb4 9. Re1 O-O 10. e4 Bxc3 11. bxc3 Nxe4 12. Qd3 Nf6 13. Ne5 Nbd7 14. Qh3 Nxe5
15. dxe5 Ne4 16. Qg4 Nd2 17. Ba2 Re8 18. Qe2 Ne4 19. Qc2 Qh4 20. Be3 Rad8 21.
Rab1 a5 22. f3 Ng5 23. Qf2 Qxf2+ 24. Kxf2 h6 25. c4 Bc6 26. c5 bxc5 27. Rec1
Bd5 28. Bc4 Rb8 29. Rxb8 Rxb8 30. Bxd5 exd5 31. Rxc5 Rb4 32. Rxa5 d4 33. Bxg5
hxg5 34. Rc5 Rxa4 35. Rxc7 Ra2+ 36. Kg3 d3 37. Rd7 d2 38. Kg4 d1=Q 39. Rxd1
Rxg2+ 40. Kf5 Kf8 1/2-1/2

[Event "33. Open Barbera del Valles 2010"]
[Site "Barbera del Valles ESP"]
[Date "2010.07.10"]
[Round "7.2"]
[White "Fedorchuk, Sergey A"]
[Black "Almeida Quintana, Omar"]
[Result "1-0"]
[WhiteElo "2665"]
[BlackElo "2559"]
[PlyCount "89"]
[EventDate "2010.07.04"]
[EventType "swiss"]
[EventRounds "9"]
[EventCountry "ESP"]
[Source "lmi"]
[SourceDate "2010.07.04"]

1. e4 g6 2. d4 Bg7 3. Nc3 d6 4. Be3 a6 5. h4 h5 6. Qd2 Nf6 7. f3 e5 8. O-O-O
exd4 9. Bxd4 Nc6 10. Be3 Be6 11. Nh3 Qd7 12. Ng5 Ne5 13. Bd4 Nc6 14. Bg1 Nh7
15. Nxe6 fxe6 16. Kb1 O-O-O 17. g3 Kb8 18. Rh2 Qf7 19. f4 Nf6 20. Qd3 e5 21.
Rhd2 Rhe8 22. Bg2 Bh6 23. Rf1 Nb4 24. Qe3 Nc6 25. Qd3 Nb4 26. Qe3 Nc6 27. Qf3
Qc4 28. a3 Rf8 29. Qd1 Rde8 30. Rd3 Qg8 31. Rxd6 cxd6 32. Qxd6+ Ka8 33. Na4 Qe6
34. Nb6+ Ka7 35. Nc8+ Ka8 36. Nb6+ Ka7 37. Nd5+ Nd4 38. Qxe6 Rxe6 39. fxe5 Nxd5
40. exd5 Rxf1+ 41. Bxf1 Re8 42. Bxd4+ Kb8 43. d6 Bg7 44. d7 Rf8 45. Bh3 1-0

[Event "33. Open Barbera del Valles 2010"]
[Site "Barbera del Valles ESP"]
[Date "2010.07.10"]
[Round "7.4"]
[White "Aloma Vidal, Robert"]
[Black "Gongora Reyes, Maikel"]
[Result "1/2-1/2"]
[WhiteElo "2445"]
[BlackElo "2451"]
[PlyCount "258"]
[EventDate "2010.07.04"]
[EventType "swiss"]
[EventRounds "9"]
[EventCountry "ESP"]
[Source "lmi"]
[SourceDate "2010.07.04"]

1. d4 d5 2. c4 c6 3. Nf3 Nf6 4. Nc3 a6 5. e3 b5 6. c5 g6 7. Ne5 Bg7 8. Be2 O-O
9. f4 Be6 10. O-O Ne4 11. a4 f6 12. Nd3 Nd7 13. Nb4 Qc7 14. Bd3 f5 15. Bd2 Ndf6
16. Be1 Qb7 17. Nca2 Bd7 18. Bc2 a5 19. Nd3 b4 20. Nac1 Qc7 21. Ne5 Bc8 22. Bd3
Nd7 23. Nf3 Ba6 24. Qe2 Qb7 25. h3 Bxd3 26. Qxd3 Qa6 27. Qxa6 Rxa6 28. Nd3 Rb8
29. Kh2 e6 30. Bh4 Kf7 31. g4 Bf6 32. Bxf6 Ndxf6 33. Rg1 Ke7 34. Rg2 Kd7 35.
Rh1 Kc7 36. Kg1 Raa8 37. Kf1 Rf8 38. Ke2 Rae8 39. Nde5 Re7 40. Rhg1 Kb7 41. Nh4
Rc7 42. Nhf3 Re7 43. Ne1 Rc7 44. N1d3 Re7 45. Rh1 Rc7 46. h4 fxg4 47. Nxg4 Nxg4
48. Rxg4 Nf6 49. Rg2 Nh5 50. Rf1 Rf5 51. Rf3 Rcf7 52. Ne5 Rf8 53. Ng4 Ng7 54.
Nf2 Rh5 55. Rh3 Rhf5 56. Rg5 Nh5 57. Rf3 Nf6 58. Rg1 Kc7 59. Rh3 Nh5 60. Rh2
Nf6 61. Nh1 Nh5 62. Nf2 Nf6 63. Nd3 Nh5 64. Rg5 Nf6 65. Ne5 Ne4 66. Rg1 Nf6 67.
Nf3 Re8 68. Rg5 Rf8 69. Ne5 Ne4 70. Kd3 Nf6 71. Nf3 Kb7 72. Rg1 Re8 73. Ng5 Re7
74. Re2 Kc7 75. Rge1 Kd7 76. Nf3 Kc7 77. Ne5 Nh5 78. Rg1 Re8 79. Rg5 Nf6 80.
Nf7 Ne4 81. Nh6 Nxg5 82. hxg5 Re7 83. Rh2 Kd8 84. Ke2 Ke8 85. Kf3 Rd7 86. Ng4
Rdf7 87. Kg3 Kf8 88. Rh6 Kg7 89. Nh2 Rf8 90. Nf3 R8f7 91. Kf2 Rf8 92. Ke2 R8f7
93. Rh1 Rf8 94. Ne5 Rxe5 95. dxe5 Rf7 96. Rd1 h6 97. gxh6+ Kxh6 98. Rh1+ Kg7
99. Kf3 Rf8 100. Kg4 Rf5 101. Rh3 Rf8 102. Rh2 Rf5 103. Rh1 Rf8 104. Re1 Rh8
105. Kg3 g5 106. fxg5 Rh5 107. e4 dxe4 108. Rxe4 Kg6 109. Rd4 Rxg5+ 110. Kf4
Rf5+ 111. Ke4 Rh5 112. Rd6 Rh4+ 113. Kd3 Kf5 114. Rxc6 Kxe5 115. Ra6 Kd5 116.
c6 Rh3+ 117. Kd2 Rh2+ 118. Kc1 b3 119. Rxa5+ Kxc6 120. Re5 Rc2+ 121. Kb1 Rh2
122. Rxe6+ Kc5 123. Re1 Kb4 124. Re4+ Ka5 125. Kc1 Rc2+ 126. Kb1 Rh2 127. Kc1
Rc2+ 128. Kb1 Rg2 129. Kc1 Rc2+ 1/2-1/2

[Event "33. Open Barbera del Valles 2010"]
[Site "Barbera del Valles ESP"]
[Date "2010.07.10"]
[Round "7.5"]
[White "Gonzalez Vidal, Yuri"]
[Black "Matnadze, Ana"]
[Result "1-0"]
[WhiteElo "2522"]
[BlackElo "2422"]
[PlyCount "67"]
[EventDate "2010.07.04"]
[EventType "swiss"]
[EventRounds "9"]
[EventCountry "ESP"]
[Source "lmi"]
[SourceDate "2010.07.04"]

1. d4 Nf6 2. c4 e6 3. Nc3 Bb4 4. e3 Nc6 5. Nge2 d5 6. a3 Be7 7. cxd5 exd5 8. g3
Nb8 9. Bg2 c6 10. O-O h5 11. f3 h4 12. g4 h3 13. Bh1 Bd6 14. g5 Nh7 15. e4 Nxg5
16. e5 Be7 17. f4 Ne4 18. Bxe4 dxe4 19. f5 Rh4 20. Ng3 b6 21. Rf4 Rxf4 22. Bxf4
g6 23. e6 Bf6 24. exf7+ Kxf7 25. fxg6+ Ke7 26. d5 Na6 27. d6+ Kf8 28. Qb3 Bd4+
29. Kh1 Qf6 30. Bh6+ Ke8 31. Qg8+ Kd7 32. Rf1 Qe6 33. Qh7+ Kxd6 34. Bf8+ 1-0

[Event "33. Open Barbera del Valles 2010"]
[Site "Barbera del Valles ESP"]
[Date "2010.07.10"]
[Round "7.6"]
[White "Gomez Jurado, Luis Alberto"]
[Black "Fluvia Poyatos, Jordi"]
[Result "1/2-1/2"]
[WhiteElo "2287"]
[BlackElo "2467"]
[PlyCount "179"]
[EventDate "2010.07.04"]
[EventType "swiss"]
[EventRounds "9"]
[EventCountry "ESP"]
[Source "lmi"]
[SourceDate "2010.07.04"]

1. d4 Nf6 2. c4 g6 3. Nf3 Bg7 4. g3 O-O 5. Bg2 c5 6. d5 d6 7. Nc3 e6 8. O-O
exd5 9. cxd5 a6 10. a4 Nbd7 11. Nd2 Re8 12. Nc4 Ne5 13. Na3 Nh5 14. h3 f5 15.
Kh2 Nf7 16. Nc4 Ne5 17. Na3 Bd7 18. f4 Nf7 19. Qd3 Nf6 20. Bd2 Rb8 21. Rab1 Qe7
22. e3 Ne4 23. Nxe4 fxe4 24. Qc2 b5 25. axb5 axb5 26. b4 Ra8 27. Bc3 Nh6 28.
Bxg7 Qxg7 29. Rb3 c4 30. Rc3 Ra4 31. Nb1 Rea8 32. g4 Rxb4 33. Nd2 Rba4 34. Nxe4
Ra2 35. Qb1 Qe7 36. Rc2 R2a3 37. Re1 Qh4 38. Kg1 Bxg4 39. hxg4 Nxg4 40. Bf3
Nxe3 41. Rf2 Rb3 42. Qc1 Raa3 43. Qd2 Nf5 44. Rh2 Qd8 45. Bg4 Rd3 46. Qf2 Nd4
47. Be6+ Kg7 48. Ng5 h5 49. Rg2 Nf3+ 50. Nxf3 Rxf3 51. Qd4+ Qf6 52. Qxf6+ Kxf6
53. Bd7 b4 54. Re6+ Kf5 55. Rxd6+ Kxf4 56. Rc6 Rac3 57. d6 g5 58. Be6 Rc1+ 59.
Kh2 c3 60. d7 Rd1 61. Rc4+ Ke5 62. Re2+ Kf6 63. Rc8 Rfd3 64. Rf8+ Kg7 65. Rf7+
Kg6 66. Ref2 g4 67. Bb3 R1d2 68. Bc2 Rxc2 69. R7f6+ Kg5 70. R6f5+ Kg6 71. Rf6+
Kg7 72. Rf7+ Kg6 73. R7f6+ Kg5 74. R6f5+ Kh4 75. Rxc2 Rxd7 76. Rb5 Rd4 77. Kg2
Rf4 78. Rc1 g3 79. Rh1+ Kg4 80. Rhxh5 Rf2+ 81. Kg1 Rf4 82. Kg2 Rc4 83. Rhc5 Rd4
84. Rxb4 Rxb4 85. Rxc3 Rb2+ 86. Kg1 Kh3 87. Rc1 Rb3 88. Ra1 Rc3 89. Rb1 Rc4 90.
Ra1 1/2-1/2

[Event "33. Open Barbera del Valles 2010"]
[Site "Barbera del Valles ESP"]
[Date "2010.07.10"]
[Round "7.7"]
[White "Bhat, Vinay S"]
[Black "Huerga Leache, Mikel"]
[Result "1/2-1/2"]
[WhiteElo "2536"]
[BlackElo "2424"]
[PlyCount "66"]
[EventDate "2010.07.04"]
[EventType "swiss"]
[EventRounds "9"]
[EventCountry "ESP"]
[Source "lmi"]
[SourceDate "2010.07.04"]

1. d4 d5 2. c4 c6 3. Nf3 Nf6 4. Nc3 a6 5. a4 e6 6. g3 dxc4 7. Bg2 c5 8. dxc5
Qxd1+ 9. Nxd1 Bxc5 10. Ne5 Nd5 11. Ne3 Nxe3 12. Bxe3 Bxe3 13. fxe3 c3 14. b4
Nd7 15. Nc4 Rb8 16. O-O O-O 17. Rfc1 b5 18. axb5 Rxb5 19. Rxc3 Rxb4 20. Nd6 Rb8
21. Rac1 Nb6 22. Rb3 Bd7 23. Rcb1 Bb5 24. Nxb5 axb5 25. Rxb5 Nd7 26. Bc6 Rxb5
27. Rxb5 Nb8 28. Rb6 Nxc6 29. Rxc6 g6 30. Rc7 Kg7 31. Kf2 g5 32. h3 Kf6 33. Rc4
Rd8 1/2-1/2

[Event "33. Open Barbera del Valles 2010"]
[Site "Barbera del Valles ESP"]
[Date "2010.07.10"]
[Round "7.8"]
[White "Vehi Bach, Victor Manuel"]
[Black "Cabrera, Alexis"]
[Result "1-0"]
[WhiteElo "2405"]
[BlackElo "2533"]
[PlyCount "125"]
[EventDate "2010.07.04"]
[EventType "swiss"]
[EventRounds "9"]
[EventCountry "ESP"]
[Source "lmi"]
[SourceDate "2010.07.04"]

1. e4 c5 2. Nf3 d6 3. d4 cxd4 4. Nxd4 Nf6 5. Nc3 g6 6. Be3 Bg7 7. f3 Nc6 8. Qd2
O-O 9. Bc4 Bd7 10. O-O-O Rb8 11. Bb3 Na5 12. Bh6 Bxh6 13. Qxh6 b5 14. g4 b4 15.
Nd5 Nxb3+ 16. Nxb3 Nxd5 17. exd5 Rb6 18. Qe3 e5 19. dxe6 fxe6 20. f4 Qf6 21.
Rd4 Bc6 22. Re1 Bd5 23. Nd2 Ra6 24. Rxb4 Rxa2 25. Kb1 a5 26. Rd4 Rb8 27. Nb3
Rb4 28. g5 Qg7 29. Qc3 Rba4 30. Qc8+ Qf8 31. Qxf8+ Kxf8 32. Rxd5 exd5 33. Re6
d4 34. Rxd6 Kf7 35. Rd7+ Kg8 36. h4 Kh8 37. Rd8+ Kg7 38. Rd7+ Kg8 39. Rc7 Kh8
40. Rc8+ Kg7 41. Rc7+ Kg8 42. Rd7 Kh8 43. h5 gxh5 44. f5 h4 45. f6 Kg8 46. Rg7+
Kh8 47. g6 hxg6 48. Rxg6 d3 49. cxd3 Kh7 50. Rg1 h3 51. f7 h2 52. f8=N+ Kh6 53.
Rh1 Rxb2+ 54. Kxb2 Rh4 55. Nd2 Rh3 56. Kc3 a4 57. Ne6 a3 58. Nd4 a2 59. Nc2 Kg5
60. Nf1 Rf3 61. Nxh2 Rf2 62. Rg1+ Kh4 63. Ng4 1-0

[Event "33. Open Barbera del Valles 2010"]
[Site "Barbera del Valles ESP"]
[Date "2010.07.10"]
[Round "7.9"]
[White "Abreu Delgado, Aryam"]
[Black "Mihailovs, Jurijs"]
[Result "0-1"]
[WhiteElo "2474"]
[BlackElo "2405"]
[PlyCount "100"]
[EventDate "2010.07.04"]
[EventType "swiss"]
[EventRounds "9"]
[EventCountry "ESP"]
[Source "lmi"]
[SourceDate "2010.07.04"]

1. e4 c5 2. Nf3 e6 3. d4 cxd4 4. Nxd4 a6 5. c4 Bc5 6. Nc3 d6 7. Nb3 Ba7 8. Qe2
Nc6 9. Be3 Nf6 10. O-O-O Bxe3+ 11. Qxe3 O-O 12. Qg3 e5 13. c5 Be6 14. Rxd6 Qe7
15. Bd3 Rac8 16. Rd1 Bxb3 17. axb3 Nd4 18. f4 Rxc5 19. fxe5 Nxb3+ 20. Kb1 Rxe5
21. Bc2 Nc5 22. R6d4 Ncxe4 23. Nxe4 Nxe4 24. Qh3 f5 25. Qb3+ Kh8 26. Rd7 Qf6
27. R7d5 Re6 28. Rf1 Rb6 29. Qxb6 Nc3+ 30. bxc3 Qxb6+ 31. Kc1 Qe3+ 32. Kb2 f4
33. Rd4 g6 34. Rf3 Qe2 35. Rfxf4 Rxf4 36. Rxf4 Qxg2 37. h4 Kg7 38. Rd4 Qc6 39.
Be4 Qc7 40. Rb4 b5 41. Rd4 Kf6 42. Bd3 h6 43. Kb3 g5 44. hxg5+ hxg5 45. Be2 Qc5
46. Rb4 Qe5 47. Bg4 Qd5+ 48. Kc2 a5 49. Rd4 Qc5 50. Kb3 b4 0-1